Feodalite ve klasik dönem Osmanlı üretim tarzı (Record no. 15804)

000 -LEADER
fixed length control field 00998nmm a2200301 a 4500
001 - CONTROL NUMBER
control field ocm0001512282
003 - CONTROL NUMBER IDENTIFIER
control field TR-IsHL
005 - DATE AND TIME OF LATEST TRANSACTION
control field 20201028165153.0
008 - FIXED-LENGTH DATA ELEMENTS--GENERAL INFORMATION
fixed length control field 160220s2010 tu tur
007 - PHYSICAL DESCRIPTION FIXED FIELD--GENERAL INFORMATION
fixed length control field cr cn
020 ## - INTERNATIONAL STANDARD BOOK NUMBER
International Standard Book Number 9786054334032
035 ## - SYSTEM CONTROL NUMBER
System control number 1512282
-- (N$T)
050 04 - LIBRARY OF CONGRESS CALL NUMBER
Classification number HD846.5
Item number .K55 2010
090 04 - LOCALLY ASSIGNED LC-TYPE CALL NUMBER (OCLC); LOCAL CALL NUMBER (RLIN)
Classification number (OCLC) (R) ; Classification number, CALL (RLIN) (NR) HD846.5
Local cutter number (OCLC) ; Book number/undivided call number, CALL (RLIN) .K55 2010
100 1# - MAIN ENTRY--PERSONAL NAME
Personal name Kılıçbay, Mehmet Ali
245 10 - TITLE STATEMENT
Title Feodalite ve klasik dönem Osmanlı üretim tarzı
Medium [electronic resource] /
Statement of responsibility, etc. Mehmet Ali Kılıçbay
250 ## - EDITION STATEMENT
Edition statement 3. basım
260 ## - PUBLICATION, DISTRIBUTION, ETC.
Place of publication, distribution, etc. Ankara :
Name of publisher, distributor, etc. Efil Yayınevi,
Date of publication, distribution, etc. 2010
300 ## - PHYSICAL DESCRIPTION
Extent 354 p.
650 #4 - SUBJECT ADDED ENTRY--TOPICAL TERM
Topical term or geographic name entry element Ekonomi ve Finans
650 #4 - SUBJECT ADDED ENTRY--TOPICAL TERM
Topical term or geographic name entry element Economics and Finance
650 #0 - SUBJECT ADDED ENTRY--TOPICAL TERM
Topical term or geographic name entry element Feodalizm
General subdivision Türkiye
650 #0 - SUBJECT ADDED ENTRY--TOPICAL TERM
Topical term or geographic name entry element Feudalism
General subdivision Turkey
650 #0 - SUBJECT ADDED ENTRY--TOPICAL TERM
Topical term or geographic name entry element Üretim(Ekonomi teorisi)
650 #0 - SUBJECT ADDED ENTRY--TOPICAL TERM
Topical term or geographic name entry element Production(Economic theory)
650 #7 - SUBJECT ADDED ENTRY--TOPICAL TERM
Topical term or geographic name entry element BUSINESS & ECONOMICS / Industrial Management
Source of heading or term bisacsh
856 40 - ELECTRONIC LOCATION AND ACCESS
Uniform Resource Identifier <a href="http://search.ebscohost.com/login.aspx?direct=true&scope=site&db=e011xww&AN=1512282">http://search.ebscohost.com/login.aspx?direct=true&scope=site&db=e011xww&AN=1512282</a>
Holdings
Withdrawn status Lost status Source of classification or shelving scheme Damaged status Not for loan Collection code Permanent Location Current Location Date acquired Total Checkouts Full call number Barcode Date last seen Price effective from Koha item type
        Online   Kıbrıs Amerikan Üniversitesi Kütüphanesi / American University of Cyprus Kıbrıs Amerikan Üniversitesi Kütüphanesi / American University of Cyprus 28.10.2020   HD846.5 .K55 2010 1512282 28.10.2020 28.10.2020 E-Kitap
Devinim Yazılım Eğitim Danışmanlık tarafından Koha'nın orjinal sürümü uyarlanarak geliştirilip kurulmuştur.